02898cam a22003858i 450000100090000000300050000900500170001400800410003101000170007202000310008903500130012004000290013304200080016205000240017008200240019410000310021824500660024925000190031526300090033426400560034330000280039933600260042733700280045333800270048149000450050850400510055350502960060452013370090065000160223765000190225365000250227265000340229765000270233177601540235821699443CSPC20250905084045.0200902s2021 nyu b 001 0 eng  a 2020037314 a9780367567279q(paperback) a21699443 aDLCbengerdacDLCdCSPC apcc00aHD57.7b.D4724 202100a658.4092bD379s2231 aDeLisi, Peter S.,eauthor.10aStrategic leadership and systems thinking /cPeter S. DeLisi. aFirst edition. a2103 1aNew York, NY ;aAbingdon, Oxon :bRoutledge,c2021. axi, 152 pages ;c23 cm. atextbtxt2rdacontent aunmediatedbn2rdamedia avolumebnc2rdacarrier0 aRoutledge studies in leadership research aIncludes bibliographical references and index.0 aIntroduction -- A summary of the systems theory contributions of leading authors -- The new strategic leader -- The organization as system -- Organizational strategy -- Strategy execution -- Organizational culture -- Leadership of the organization as system -- Getting started -- Postscript. a"This book is about a new strategic leader - one, who inspired by General Systems Theory (GST), envisions an organization in which people and groups work together interdependently across organizational divides to reach a shared, rewarding future. GST has dramatically influenced physics, biology, economics, healthcare, and environmental science, but has not as yet had any significant influence on the way companies work and are structured. This new, systems way of working promises a break from the influence of Sir Isaac Newton and Rene' Descartes - thinking that has dominated worldviews for almost 400 years -- and offers workers the opportunity to find greater purpose and meaning in their work. This book is also about leadership that recognizes the potential of enhanced organizational performance that results from the movement of the organization as system, to a new desired destination. Engaging and empowering employees, the leader unleashes their unique talents and energy and uses the previously unrecognized power of strategy processes to bridge functional silos. Offering the latest knowledge on strategic leadership, Strategic Leadership and Systems Thinking will be of interest to researchers, academics, practitioners, and students in the fields of leadership and organizational studies"--cProvided by publisher. 0aLeadership. 0aSystem theory. 0aEmployee motivation. 0aOrganizational effectiveness. 0aOrganizational change.08iOnline version:aDeLisi, Peter S., 1937-tStrategic leadership and systems thinkingb1.dNew York : Routledge, 2021.z9781003099154w(DLC) 2020037315